000 00299nam a22001337a 4500
008 171106b xxu||||| |||| 00| 0 eng d
020 _a9789928105516
041 _aalb
080 _a330.722.6
100 _a62
101 _aKON
245 _aKONTABILITETI FINANCIAR
_cDHAMO,S.M
942 _2udc
_cBK
999 _c37903
_d37903